UM Logo

Tourism seasonality, online user rating and hotel price : (Record no. 21183)

MARC details
000 -LEADER
fixed length control field 00934nam a22002177a 4500
005 - DATE AND TIME OF LATEST TRANSACTION
control field 20260224111328.0
008 - FIXED-LENGTH DATA ELEMENTS--GENERAL INFORMATION
fixed length control field 240902b ||||| |||| 00| 0 eng d
082 ## - DEWEY DECIMAL CLASSIFICATION NUMBER
Classification number Dper 647.94068 In821 April-May 2019 v. 78-79
100 ## - MAIN ENTRY--PERSONAL NAME
Personal name Wang, Xinrui.
Relator term author.
9 (RLIN) 59817
245 ## - TITLE STATEMENT
Title Tourism seasonality, online user rating and hotel price :
Remainder of title a quantitative approach based on the hedonic price model /
Statement of responsibility, etc. Xinrui Wang, Jiuxia Sun, and Haizhen Wen.
260 ## - PUBLICATION, DISTRIBUTION, ETC. (IMPRINT)
Place of publication, distribution, etc. Amsterdam ;
Name of publisher, distributor, etc. Elsevier ,
Date of publication, distribution, etc. May 2019.
300 ## - PHYSICAL DESCRIPTION
Extent Volume 79, pages 140-147 :
Other physical details illustration ;
Dimensions 28 cm.
500 ## - GENERAL NOTE
General note International Journal of Hospitality Management, vol. 79, pages 140-147, May 2019.
650 #0 - SUBJECT ADDED ENTRY--TOPICAL TERM
Topical term or geographic name as entry element Hedonic price model.
9 (RLIN) 68894
650 #0 - SUBJECT ADDED ENTRY--TOPICAL TERM
Topical term or geographic name as entry element Quantile regression.
9 (RLIN) 68895
650 #0 - SUBJECT ADDED ENTRY--TOPICAL TERM
Topical term or geographic name as entry element Tourism seasonality.
9 (RLIN) 68896
700 ## - ADDED ENTRY--PERSONAL NAME
Personal name Wang, Xinrui.
Relator term author.
9 (RLIN) 59817
700 ## - ADDED ENTRY--PERSONAL NAME
Personal name Sun, Jiuxia.
Relator term author.
9 (RLIN) 59818
700 ## - ADDED ENTRY--PERSONAL NAME
Personal name Wen, Haizhen.
Relator term author.
9 (RLIN) 59819
942 ## - ADDED ENTRY ELEMENTS (KOHA)
Source of classification or shelving scheme Dewey Decimal Classification
Koha item type Periodicals
Holdings
Withdrawn status Lost status Source of classification or shelving scheme Damaged status Not for loan Collection code Home library Current library Date acquired Total Checkouts Full call number Date last seen Price effective from Koha item type Public note
    Dewey Decimal Classification     Periodicals UM Digos College - LIC UM Digos College - LIC 09/02/2024   Dper 647.94068 In821 April-May 2019 v. 78-79 09/02/2024 09/02/2024 Periodicals Periodical Article